000 01455namaa2200313 i 4500
003 EG-GICUC
005 20260309114748.0
008 260222s1922 iq ||||gr|||| 000 0 ara d
040 _aEG-GiCUC
_bara
_cEG-GiCUC
_dEG-GiCUC
_erda
082 0 4 _221
_a419
_bS9492
092 0 4 _221
_a419
_bS9492
099 _a419 S9492
100 1 _aصولي، محمد بن يحيى،
_dحوالي 947-
_eمؤلف.
245 1 0 _a‏أدب الكتاب /
_c‏تأليف أبي بكر محمد بن يحيى الصولي ؛ نسخه وعنيى بتصحيحه وتعليق حواشيه محمد بهجة الأثري ؛ ونظر فيه علامة العراق السيد محمود شكري الآلوسي.
264 _a‏بغداد :
_bالمكتبة العربية ،
_c1321 [1922/23]
300 _a264 صفحة ;
_c24 سم
_bإيضاحيات، صور، مثيليات ؛ Illustrations
336 _2rdacontent
_atext
337 _2rdamedia
_aUnmediated
338 _2rdacarrier
_avolume
504 _aيشتمل على ارجاعات ببليوجرافية.
541 _aد. جابر عصفور ؛
_bالقاهرة ؛
_cإهداء ؛
_d2024.
650 1 _aاللغة العربية
_xالأسلوب
_vالاعمال الاولية حتى 1800.
_2qrmak
650 1 _aاللغة العربية
_xتاريخ.
650 1 _aالبلاغة العربية.
650 1 _aالاسلوب الادبى.
651 1 _2qrmak
905 _aAsmaa
942 _2ddc
_cBK
_e21
_n0
999 _c178637
_d178637